Statistiche per Paesi più Vicini all'India

Clicka qui per fare il quiz!

Statistiche generali

  • Questo quiz è stato fatto 2.489 volte
  • Il punteggio medio è 17 su 20

Statistiche sulle risposte

kmPaeseMiglia% Corretto
0Cina0
98%
0Pakistan0
97%
0Nepal0
95%
1Sri Lanka1
94%
0Bangladesh0
91%
211Afghanistan131
88%
0Bhutan0
86%
453Thailandia282
85%
0Birmania0
84%
687Laos427
84%
721Vietnam448
83%
613Iran381
81%
808Kazakistan502
80%
277Tagikistan172
80%
733Turkmenistan455
80%
617Uzbekistan384
80%
130Maldive81
77%
157Indonesia98
76%
525Kirghizistan326
76%
632Malesia393
70%

Distribuzione punteggi

Percentile per numero di risposta

Percentuale di utenti per punteggio

I tuoi punteggi nel tempo

Non hai fatto questo quiz